000 01426nam a2200325 c 4500
003 BLK
005 20191107141948.0
008 180408b bul|||||r ||||||| ||bul||
010 _aKNG00061715000
040 _aBLK
041 _aBUL
_cBUL
080 _aПарапсихология. Нумерология. - Халюцинации, пророчества, предсказания, магии, демонология, телепатия, спиритизъм, илюзии, нумерология, мошеничество. Вж и 133 ; 398.4 ; 615.851
_b159.961
_x
_z159.961
100 1 _aТомов, Кубрат Савов
_eпърви автор
_9365172
139 _aТомов, Кубрат Савов
_bТ 70
245 1 0 _aПсихотрониката - история, проблеми, перспективи
_cКубрат Савов Томов.
257 _aBGR
260 София
_bУнив. изд. Св. Климент Охридски
_c1992
300 _a276 с.
_bс табл., сх.
_c22 см
380 _a1
490 1 _aЗа и против
500 _aБиблиогр. с. 215-255 ; Рез. на рус., англ. ез.
504 _a215-255
650 4 _aПарапсихология
_9165687
653 _aпсихотроника
852 _aЦб 168091
856 4 _qpdf
_u
856 4 _qpdf
_u
942 _cKNG
_n0
_01
944 _aCR
_c13.06.2004
_kГеновева_Генчева
944 _aED
_c16.01.2007
_k
999 _c57707
_d57707